000 01593nam a2200361 a 4500
001 ebr10172602
003 CaPaEBR
006 m u
007 cr cn|||||||||
008 060627s2006 cou sb 001 0 eng
010 _z 2006021432
020 _z9781888570953 (alk. paper)
040 _aCaPaEBR
_cCaPaEBR
035 _a(OCoLC)191952643
050 1 4 _aBR129
_b.H26 2006eb
082 0 4 _a270.1
_222
100 1 _aHanges, James Constantine,
_d1954-
245 1 0 _aChrist, the image of the church
_h[electronic resource] :
_bthe construction of a new cosmology and the rise of Christianity /
_cJames Constantine Hanges.
260 _aAurora, CO :
_bDavies Group Publishers,
_c2006.
300 _axxvi, 258 p.
490 0 _aContexts and consequences : new studies in religion and history
504 _aIncludes bibliographical references (p. [223]-254) and index.
505 0 _aIntroduction -- Abbreviations -- The folly of the cross -- The scandal of the cross -- Christ, the image of the church -- The age of the spirit -- Conclusion.
533 _aElectronic reproduction.
_bPalo Alto, Calif. :
_cebrary,
_d2013.
_nAvailable via World Wide Web.
_nAccess may be limited to ebrary affiliated libraries.
600 0 0 _aJesus Christ
_xCrucifixion.
650 0 _aChristianity
_xOrigin.
650 0 _aEcstasy.
650 0 _aSpirit possession.
650 0 _aMysticism.
655 7 _aElectronic books.
_2local
710 2 _aebrary, Inc.
856 4 0 _uhttp://site.ebrary.com/lib/rucke/Doc?id=10172602
_zAn electronic book accessible through the World Wide Web; click to view
999 _c138593
_d138593